000 00938nam a2200229 i 4500
001 93646
003 ES-MaACL
005 20251115063246.0
007 t|
008 050415s1965 sp ||||1| spa d
100 0 _aLópez Cadenas de Llano, Filiberto
_973477
245 1 0 _aDiques para la corrección de cursos torrenciales y métodos de cálculo /
_cFiliberto López Cadenas de Llano.
260 _aMadrid :
_bInstituto Forestal de Investigaciones y Experiencias,
_c1965.
300 _a216 p., 9 lám. :
_bil. ;
_c24 cm.
490 1 _aInstituto Forestal de Investigaciones y Experiencias ;
_vAño XXXVI, nº 89
650 4 _aDiques.
_9167423
710 2 _aInstituto Forestal de Investigaciones y Experiencias.
_95059
830 0 _aInstituto Forestal de Investigaciones y Experiencias ;
_vAño XXXVI, nº 89
_9181435
852 _aES-MaACL
_jC-27929
_bR.57327
852 _aES-MaACL
_jP-569-Bis-74
999 _c93646
_d93646